00464cam a22001217a 4500008004000000082001700040245010000057260002700157300000900184500008600193650003100279650003200310180718b1993 xxu||||| |||| 00| 0 eng d aR2203x54 In2 aMinimum Wages Act, 1948: together with states amendments and minimum wages, central rules, 1950 aLucknowbEasternc1993 a76p. aIncludes labour laws (exemption from furnishing returns and maintaining registers aIndia - Laws, Statutes etc aWages - Legislation - India